Guinness book of animal facts and feats (Record no. 29797)

MARC details
000 -LEADER
fixed length control field 00334nam a2200121Ia 4500
082 ## - DEWEY DECIMAL CLASSIFICATION NUMBER
Classification number 059
Item number WOO
100 ## - MAIN ENTRY--AUTHOR NAME
Personal name Wood, Gerald L
245 #0 - TITLE STATEMENT
Title Guinness book of animal facts and feats
260 ## - PUBLICATION, DISTRIBUTION, ETC. (IMPRINT)
Place of publication Middlesex
Name of publisher Guiness superlative Ltd
Year of publication 1976
650 ## - SUBJECT ADDED ENTRY--TOPICAL TERM
Topical Term Animals guinness book
942 ## - ADDED ENTRY ELEMENTS (KOHA)
Koha item type Books
Holdings
Withdrawn status Lost status Damaged status Not for loan Home library Current library Date acquired Full call number Accession Number Koha item type
        RRII Library RRII Library 16/12/2021 059 WOO 10377 Books